000 00498cam a2200193 4500
001 D7617
008 090401t1985 xxu||||| |||| 00| 0 eng d
035 _a(Sirsi) u8473
041 _aeng
050 _a333.332
100 _aNutley, W.G.
245 _aValuation for compensation under the town planning acts
260 _aReading
_bCollege of Estate Management
_c1985
300 _a35p. 25cm
350 _a0
490 _aProperty Valuation Handbook
_vC5
942 _n0
948 _c04/03/1997
999 _c86519
_d86519